Baudelaire
Gardado en:
| Autor Principal: | |
|---|---|
| Formato: | Libro |
| Idioma: | Lingua castelá |
| Publicado: |
Madrid
Abada Editores
2014
|
| Edición: | 1a. ed |
| Series: | Lecturas
|
| Subjects: | |
| Tags: |
Engadir etiqueta
Sen Etiquetas, Sexa o primeiro en etiquetar este rexistro!
|
MARC
| LEADER | 00000cam a2200000 a 4500 | ||
|---|---|---|---|
| 001 | UCD2971 | ||
| 003 | CL-VaPUC | ||
| 008 | 160520e20140000sp |||||||||||||||||spa|d | ||
| 020 | |a 9788415289937 | ||
| 082 | 0 | 4 | |a 844 |b BEN |2 21 |
| 100 | |a Benjamin, Walter |d 1892-1940 |e author |9 269121 | ||
| 245 | 1 | 0 | |a Baudelaire |
| 250 | |a 1a. ed | ||
| 300 | |a 624 p | ||
| 942 | |c BK | ||
| 945 | |d 20160520 11:34:00 |a dcastane | ||
| 260 | |a Madrid |b Abada Editores |c 2014 | ||
| 650 | 0 | |a Ensayos franceses |9 265511 | |
| 583 | |a last modification |c 20160520 11:34:00 |k Rodrigo Vera | ||
| 490 | 0 | |a Lecturas | |
| 999 | |c 364080 |d 364078 | ||
| 952 | |0 0 |1 0 |3 erb |4 0 |6 844_000000000000000_BEN_2014 |7 0 |8 A |9 476992 |a FDOPOS |b FDOPOS |i 5287502 |o 844 BEN 2014 |p 5287502 |r 2025-01-22 |w 2019-11-24 |y BK |z Catalogado en:20160520 |k MLH | ||